| 000 | 00478nam a2200157 i 4500 | ||
|---|---|---|---|
| 001 | 56618 | ||
| 003 | ES-MaACL | ||
| 005 | 20230906163418.0 | ||
| 007 | t| | ||
| 008 | 031010s1947 sp ||||1| spa d | ||
| 100 | 1 |
_aDie y Mas, José. _944527 |
|
| 245 | 1 | 0 |
_aDiagnóstico de los tumores de la glandula mamaria / _cpor José Die y Más. |
| 260 |
_aMadrid : _b[s.n., _c1947] ( _fMarsiega) |
||
| 300 |
_a111 p., 13 lám. : _bil. ; _c27 cm. |
||
| 852 |
_aES-MaACL _j1902-F-19 _bR.27996 |
||
| 999 |
_c56618 _d56618 |
||